Random world cities by giant dots on map - Statistics

General Stats
  • This quiz has been taken 289 times
  • The average score is 10 of 20
Answers on the Map
Answers color-coded by a green-red scale on the quiz's map according to % correct below.
 
Answer Stats
City % Correct
Abuja
100%
Bamako
100%
Bangkok
100%
Beijing
100%
Bogotá
100%
Boston
100%
Brasília
100%
Brisbane
100%
Buenos Aires
100%
Cairo
100%
Cape Town
100%
Caracas
100%
Chicago
100%
Dallas
100%
Dhaka
100%
Fortaleza
100%
Guadalajara
100%
Guangzhou
100%
Hamburg
100%
Ho Chi Minh City
100%
Houston
100%
Johannesburg
100%
Kiev
100%
Kinshasa
100%
Lahore
100%
Lima
100%
Los Angeles
100%
Madrid
100%
Mexico City
100%
Miami
100%
Monterrey
100%
Moscow
100%
New Delhi
100%
New York
100%
Paris
100%
Philadelphia
100%
Port-au-Prince
100%
Rio de Janeiro
100%
Riyadh
100%
San Diego
100%
Shanghai
100%
Singapore
100%
Tokyo
100%
Ürümqi
100%
Algiers
75%
Amman
75%
Addis Ababa
67%
Atlanta
67%
Birmingham
67%
Busan
67%
Cincinnati
67%
Cleveland
67%
Denver
67%
Khartoum
67%
Luanda
67%
Mashhad
67%
Melbourne
67%
Minneapolis
67%
Orlando
67%
São Paulo
67%
Sydney
67%
Yaoundé
67%
Damascus
60%
Wuhan
60%
Abidjan
50%
Changsha
50%
Chongqing
50%
Dakar
50%
Dar es Salaam
50%
Detroit
50%
Dubai
50%
Frankfurt
50%
Guayaquil
50%
Hangzhou
50%
Hanoi
50%
Istanbul
50%
Jeddah
50%
Kano
50%
Kolkata
50%
Kuwait City
50%
Lagos
50%
Manchester
50%
Medellín
50%
Milan
50%
Nagoya
50%
Nanjing
50%
Phoenix
50%
Pyongyang
50%
Rome
50%
Saint Petersburg
50%
Surat
50%
Tashkent
50%
Xi'an
50%
Yangon
50%
Porto Alegre
43%
Karachi
40%
Accra
33%
Curitiba
33%
Durban
33%
Guatemala City
33%
Izmir
33%
San Francisco
33%
Santiago
33%
Seoul
33%
Tianjin
33%
Toronto
33%
Vancouver
33%
Montreal
25%
Tampa
25%
Ahmedabad
0%
Alexandria
0%
Ankara
0%
Athens
0%
Baghdad
0%
Bandung
0%
Bangalore
0%
Barcelona
0%
Belo Horizonte
0%
Berlin
0%
Bhilai
0%
Cali
0%
Campinas
0%
Casablanca
0%
Cebu
0%
Changchun
0%
Changzhou
0%
Chengdu
0%
Chennai
0%
Chittagong
0%
Cologne / Dusseldorf
0%
Colombo
0%
Daegu
0%
Dalian
0%
Douala
0%
Faisalabad
0%
Fukuoka
0%
Fuzhou
0%
Guiyang
0%
Harbin
0%
Hefei
0%
Hong Kong
0%
Huizhou
0%
Hyderabad
0%
Ibadan
0%
Indore
0%
Isfahan
0%
Jaipur
0%
Jakarta
0%
Jinan
0%
Kabul
0%
Kampala
0%
Kanpur
0%
Kaohsiung
0%
Kathmandu
0%
Kuala Lumpur
0%
Kumasi
0%
Kunming
0%
Lanzhou
0%
London
0%
Lucknow
0%
Manila
0%
Maputo
0%
Medan
0%
Mumbai
0%
Nagpur
0%
Nairobi
0%
Nanchang
0%
Nanning
0%
Naples
0%
Ningbo
0%
Osaka
0%
Puebla
0%
Pune
0%
Qingdao
0%
Quito
0%
Rawalpindi
0%
Recife
0%
Rotterdam
0%
Salvador
0%
Sana'a
0%
Santo Domingo
0%
Seattle
0%
Shantou
0%
Shenyang
0%
Shijiazhuang
0%
Surabaya
0%
Taipei
0%
Taiyuan
0%
Tangshan
0%
Tehran
0%
The Ruhr
0%
Washington
0%
Wenzhou
0%
Wuxi
0%
Xiamen
0%
Xuzhou
0%
Zhengzhou
0%
Zibo
0%
No matching quizzes found
Score Distribution
Percent of People with Each Score
Percentile by Number Answered
Your Score History
You have not taken this quiz